Mistrzostwa świata w piłce nożnej 2026 - Statystyki

Ogólne statystyki
  • Ten quiz został rozwiązany 59 razy
    4 od ostatniego zresetowania
  • Średni wynik to 42 z 48
Statystyki odpowiedzi
Grupa Drużyna % Poprawnych
Grupa J Algieria
100%
Grupa L Anglia
100%
Grupa H Arabia Saudyjska
100%
Grupa J Argentyna
100%
Grupa J Austria
100%
Grupa C Brazylia
100%
Grupa L Chorwacja
100%
Grupa A Czechy
100%
Grupa K Demokratyczna Republika Konga
100%
Grupa G Egipt
100%
Grupa I Francja
100%
Grupa H Hiszpania
100%
Grupa F Holandia
100%
Grupa G Iran
100%
Grupa F Japonia
100%
Grupa B Kanada
100%
Grupa K Kolumbia
100%
Grupa A Korea Południowa
100%
Grupa C Maroko
100%
Grupa A Meksyk
100%
Grupa I Norwegia
100%
Grupa I Senegal
100%
Grupa D Stany Zjednoczone
100%
Grupa C Szkocja
100%
Grupa F Szwecja
100%
Grupa F Tunezja
100%
Grupa D Turcja
100%
Grupa D Australia
75%
Grupa G Belgia
75%
Grupa B Bośnia i Hercegowina
75%
Grupa E Curaçao
75%
Grupa L Ghana
75%
Grupa I Irak
75%
Grupa J Jordania
75%
Grupa B Katar
75%
Grupa E Niemcy
75%
Grupa G Nowa Zelandia
75%
Grupa L Panama
75%
Grupa D Paragwaj
75%
Grupa K Portugalia
75%
Grupa A Republika Południowej Afryki
75%
Grupa H Republika Zielonego Przylądka
75%
Grupa B Szwajcaria
75%
Grupa H Urugwaj
75%
Grupa K Uzbekistan
75%
Grupa E Ekwador
50%
Grupa C Haiti
50%
Grupa E Wybrzeże Kości Słoniowej
50%
Nie znaleziono quizów pasujących do podanych kryteriów
Rozkład punktacji
Procent ludzi z każdym wynikiem
Percentyl według liczby udzielonych odpowiedzi
Twoja historia wyników
Nie rozwiązałeś tego quizu od ostatniego zresetowania